000 00570nam a2200205Ia 4500
003 0100
008 130303s9999 xx 000 0 und d
040 _cARRUPELIB
050 _aLA132.B37 1982
100 _aBigge, Morris L.
245 _aEducational philosophies for teachers
260 _aLondon
260 _bCharles E. Merrill Publishing co.
260 _C1982
300 _a228p.
300 _b 22cm
650 _bWomen in mass media indutry-Africa,sub-saharan-congresses
650 _cWomen's wrights-Africa, sub-sahara-congresses
942 _2lcc
_010
999 _c64141
_d64141